[Dula, Igor]

Zobrazenie: Podobizeň verejného činiteľa, lekára Igora Dulu (20.12.1878 Martin - 3.4.1951 Bratislava, pochovaný v Martine).

Bibliographic Details
Other Authors: Socháň, Pavol, 1862-1941 (Photographer)
Format: Photo
Language:Hungarian
Slovak
PhysicalDescription:1 fotografia čiernobiela 17 x 9 cm
Published: [S.l. s.n. s.a.]
Subjects:

MARC

LEADER 00000nkmaa2200000 a 4500
001 vtls011882770
003 SK-MaSNL
005 20260331211103.0
007 kh bo
008 230802n xo | ||00 k|hun
035 |a urn:nbn:sk:snk-km00ej21 
035 |a urn:nbn:sk:snk-km45wf7 
035 |a 7A70D1DB-1032-4745-9520-7019962E65E2 
040 |a SNKLA  |b slo  |c SNKLA  |e AACR2 
041 0 |a hun  |a slo 
044 |a xo  |c SK 
100 1 |a Socháň, Pavol,  |d 1862-1941  |4 pht  |9 40167 
245 1 0 |a [Dula, Igor]  |h grafika 
260 |a [S.l.  |b s.n.  |c s.a.] 
300 |a 1 fotografia  |b čiernobiela  |c 17 x 9 cm 
520 2 |a Zobrazenie: Podobizeň verejného činiteľa, lekára Igora Dulu (20.12.1878 Martin - 3.4.1951 Bratislava, pochovaný v Martine). 
600 1 7 |a Dula, Igor,  |d 1878-1951  |2 SNKMA  |9 167670 
655 7 |a portrétne fotografie  |2 SNKPH  |9 305796 
852 7 |a Slovenská národná knižnica v Martine  |b Literárny archív 
958 |a ZO 
958 |a BLA 
999 |c 1033713  |d 1035643 
952 |a SNKLA  |b SNKLA  |c SNKLA_DEP  |y NEVYP  |7 0  |p 17A1310339  |o snkSD 17/40  |i snkLA 4212/1978  |0 0  |1 0  |4 0  |d 2019-08-21  |f 1  |l 0  |r 2026-02-24 14:01:34  |w 2026-02-24